[Event "Mechanics' Leighton Allen TNM; G/2"]
[Site "San Francisco"]
[Date "2015.09.29"]
[Round "9.3"]
[White "Stearman, Josiah P"]
[Black "Critelli, James Ma"]
[Result "0-1"]
[WhiteElo "2137"]
[BlackElo "2376"]
[PlyCount "54"]
[EventDate "2015.??.??"]

1. e4 c5 2. Nc3 d6 3. g3 Nc6 4. Bg2 g6 5. d3 Bg7 6. Be3 Nh6 7. Qc1 Ng4 8. Bd2
f5 9. f3 Nf6 10. Bh6 O-O 11. Nge2 e5 12. exf5 Bxf5 13. Bxg7 Kxg7 14. g4 Be6 15.
h4 Nd4 16. h5 gxh5 17. Ng3 hxg4 18. Qh6+ Kh8 19. fxg4 Bxg4 20. Kd2 Qe7 21. Raf1
Ng8 22. Qe3 Rxf1 23. Rxf1 Rf8 24. Nd5 Qg7 25. Rxf8 Qxf8 26. Ne4 Ne6 27. Qg3 Bh5
{and Black went on to win. Remaining moves unavailable.} 0-1

[Event "Mechanics' Fall TNM; G/2"]
[Site "San Francisco"]
[Date "2015.11.24"]
[Round "6.2"]
[White "Stearman, Josiah P"]
[Black "Ortega, Bill"]
[Result "1-0"]
[WhiteElo "2137"]
[BlackElo "2077"]
[PlyCount "107"]
[EventDate "2015.??.??"]

1. e4 d5 2. exd5 Qxd5 3. Nc3 Qd6 4. Nf3 Nf6 5. d4 c6 6. Bc4 Bg4 7. Be3 e6 8. h3
Bxf3 9. Qxf3 Nbd7 10. O-O-O Qc7 11. Rhe1 O-O-O 12. g4 Bb4 13. Bf4 Qa5 14. Re3
Nb6 15. Bb3 Bxc3 16. Rxc3 Nbd5 17. Rc5 Qb6 18. Bd2 Qc7 19. c4 Ne7 20. Bf4 Qb6
21. Rg5 Ng6 22. Be3 h6 23. Rc5 Nh4 24. Qh1 Nd7 25. Rh5 g5 26. d5 c5 27. f4 Nf6
28. Rxh6 Rxh6 29. fxg5 Rhh8 30. gxf6 Ng6 31. Kb1 Qc7 32. Bc2 Nf4 33. Qf3 e5 34.
g5 Qd7 35. Bxf4 exf4 36. Qxf4 Qd6 37. Qxd6 Rxd6 38. Re1 Kd8 39. Re3 Re8 40. Be4
Re5 41. h4 Kc7 42. Kc2 Rd8 43. Kd3 Rh8 44. g6 fxg6 45. f7 g5 46. h5 Kd6 47. Bg6
Rxe3+ 48. Kxe3 Ke5 49. Kf3 b5 50. b3 bxc4 51. bxc4 Kd4 52. Bh7 Rf8 53. Bg8 Kxc4
54. h6 1-0

[Event "Mechanics' Leighton Allen TNM; G/2"]
[Site "San Francisco"]
[Date "2015.09.01"]
[Round "5.6"]
[White "Stearman, Josiah P"]
[Black "Rosenthal, Edward"]
[Result "1-0"]
[WhiteElo "2137"]
[BlackElo "2098"]
[Annotator "Donaldson"]
[PlyCount "95"]
[EventDate "2015.??.??"]

1. e4 d6 2. d4 Nf6 3. Nc3 g6 4. f4 Bg7 5. Nf3 O-O 6. h3 c5 7. Be3 cxd4 8. Nxd4
a6 9. Qf3 Qc7 10. O-O-O b5 11. a3 Bb7 12. g4 Rc8 13. Rh2 Nbd7 14. g5 Nh5 (14...
Nxe4 15. Nxe4 Nc5 16. Bd3 Bxd4 17. Bxd4 Nb3+) 15. Nd5 Qd8 16. h4 e6 17. Nb4 Nc5
18. Rhd2 Bxe4 19. Qh3 d5 20. Kb1 a5 21. Nbc6 Qd6 22. Bxb5 Rxc6 23. Nxc6 Bf5 24.
Qf3 Ne4 25. Rd3 Neg3 26. Rb3 Rc8 27. Bd4 Be4 28. Qf2 Nf5 29. Bc5 Qxf4 30. Qxf4
Nxf4 31. Ba6 Re8 32. Nxa5 h6 33. Bd3 Bxd3 34. cxd3 Nxh4 35. gxh6 Bxh6 36. Nc6
e5 37. a4 Kg7 38. a5 Ra8 39. Ra3 Ne6 40. Bd6 Bf4 41. a6 Nf5 42. Bxe5+ Bxe5 43.
Nxe5 Nc7 44. a7 Nb5 45. Ra5 Nfd4 46. Rc1 Nb3 47. Rxb5 Nxc1 48. Nc6 1-0

[Event "Mechanics' Fall TNM; G/2"]
[Site "San Francisco"]
[Date "2015.11.10"]
[Round "4.3"]
[White "Stearman, Josiah P"]
[Black "Vickers, Keith"]
[Result "1-0"]
[WhiteElo "2137"]
[BlackElo "2200"]
[PlyCount "109"]
[EventDate "2015.??.??"]

1. e4 d5 2. exd5 Qxd5 3. Nc3 Qd6 4. d4 Nf6 5. Nf3 Bg4 6. Be2 c6 7. h3 Bh5 8. g4
Bg6 9. Ne5 Nbd7 10. f4 e6 11. Be3 Nd5 12. Nxd5 Qxd5 13. Bf3 Be4 14. O-O Bxf3
15. Qxf3 Qxf3 16. Rxf3 f6 17. Nd3 Bd6 18. Re1 Kf7 19. Bd2 Rhe8 20. c4 Rad8 21.
Bc3 c5 22. Kg2 b6 23. a3 Rc8 24. b3 cxd4 25. Bxd4 Nc5 26. Bxc5 Bxc5 27. b4 Bd4
28. Rc1 Re7 29. c5 bxc5 30. Nxc5 Bxc5 31. bxc5 Rec7 32. Rfc3 e5 33. fxe5 fxe5
34. c6 Ke6 35. Kf3 Rf8+ 36. Ke3 g5 37. Rb1 Rfc8 38. Rbc1 h6 39. Ke4 Rf8 40. Rb1
Rf4+ 41. Ke3 Ra4 42. Rb8 Rf4 43. Re8+ Kd6 44. Rd8+ Ke6 45. Re8+ Kd6 46. Rd3+
Kxc6 47. Rxe5 Rf6 48. Re4 Rcf7 49. Rc3+ Kd7 50. Rd3+ Kc7 51. Rc4+ Rc6 52. Rxc6+
Kxc6 53. Ke4 Kb5 54. Rd6 Rh7 55. Kf5 {
Corner of scoresheet is torn off (!?), 1-0 59} 1-0

[Event "Mechanics' Fall TNM; G/2"]
[Site "San Francisco"]
[Date "2015.12.15"]
[Round "9.1"]
[White "Stearman, Josiah P"]
[Black "Walder, Michael S"]
[Result "1-0"]
[WhiteElo "2137"]
[BlackElo "2113"]
[Annotator "Donaldson"]
[PlyCount "107"]
[EventDate "2015.??.??"]

1. e4 Nf6 2. e5 Nd5 3. d4 d6 4. Bc4 Nb6 5. Bb3 Bf5 6. Nf3 e6 7. Be3 Nc6 8. exd6
Bxd6 9. O-O Na5 10. Nbd2 Nxb3 11. axb3 Nd5 12. c4 Nxe3 13. fxe3 O-O 14. e4 Bg6
15. Qe2 c5 16. d5 exd5 17. cxd5 Re8 18. Rae1 a6 19. Qf2 Be7 20. Nc4 Bf8 21.
Nfe5 f6 22. Nxg6 hxg6 23. e5 b5 24. exf6 Qxf6 25. Ne3 Qxf2+ 26. Kxf2 Rad8 27.
Rd1 Re5 28. Rfe1 Be7 29. Ng4 Rf5+ 30. Kg1 Bf6 31. Nxf6+ gxf6 32. d6 Re5 33.
Rxe5 fxe5 34. Rd5 Kf7 35. Rxe5 Rxd6 36. Rxc5 Rd1+ 37. Kf2 Rd2+ 38. Kf3 Rxb2 39.
Rc3 a5 40. h4 b4 41. Rd3 Rc2 42. g3 Rc3 $4 {Low on time Black presses to hard.}
43. Rxc3 bxc3 44. Ke3 Ke6 {Diagram [#]} 45. g4 $1 {This insures the win.} Ke5
46. Kd3 c2 47. Kxc2 Kf4 48. h5 gxh5 49. gxh5 Kg5 50. Kc3 Kxh5 51. Kc4 Kg5 52.
Kb5 Kf5 53. Kxa5 Ke5 54. Kb6 1-0

[Event "Mechanics' Winter TNM; 30/90, SD/30"]
[Site "San Francisco"]
[Date "2015.02.24"]
[Round "8.47"]
[White "Stearman, Micah"]
[Black "Agdamag, Samuel"]
[Result "0-1"]
[WhiteElo "935"]
[BlackElo "1493"]
[PlyCount "32"]
[EventDate "2015.??.??"]

1. e4 d5 2. exd5 Qxd5 3. Nc3 Qa5 4. Nf3 Bg4 5. Be2 Nf6 6. O-O e6 7. a3 Bd6 8.
b4 Qb6 9. Bb2 c6 10. Bc4 O-O 11. d3 Qc7 12. Na2 Bxh2+ 13. Kh1 Qf4 14. Nc3 Qh6
15. Ne4 Bxf3 16. Qxf3 Bg3+ 0-1

[Event "Mechanics' Leighton Allen TNM; G/2"]
[Site "San Francisco"]
[Date "2015.08.18"]
[Round "3.25"]
[White "Stearman, Micah"]
[Black "Drane, Robert"]
[Result "0-1"]
[WhiteElo "1077"]
[BlackElo "1909"]
[PlyCount "48"]
[EventDate "2015.??.??"]

1. e4 Nf6 2. e5 Nd5 3. Bc4 Nb6 4. b3 Nc6 5. Bb2 e6 6. Nf3 Nxc4 7. bxc4 Bb4 8.
O-O b6 9. d4 Ba6 10. Nbd2 Na5 11. Re1 Nxc4 12. Nxc4 Bxe1 13. Qxe1 Bxc4 14. Qb4
Bd5 15. Nd2 a5 16. Qc3 O-O 17. Qg3 b5 18. Re1 h6 19. Qh3 Qg5 20. Re3 Qf5 21.
Qh4 Qh7 22. Nf1 f5 23. Rd3 f4 24. Bc1 Rf5 {and Black soon won.} 0-1

[Event "Mechanics' Winter TNM; 30/90, SD/30"]
[Site "San Francisco"]
[Date "2015.01.20"]
[Round "3.36"]
[White "Stearman, Micah"]
[Black "Louie, Henry"]
[Result "0-1"]
[WhiteElo "935"]
[BlackElo "1532"]
[Annotator "Donaldson"]
[PlyCount "44"]
[EventDate "2015.??.??"]

1. e4 e6 2. d4 d5 3. exd5 exd5 4. c3 Nf6 5. Nf3 Nc6 6. Bd3 Bd6 7. O-O O-O 8.
Bg5 h6 9. Bxf6 Qxf6 10. Nbd2 Ne7 11. Qc2 Ng6 12. Rfe1 Bd7 13. a3 $2 Rfe8 14.
Rxe8+ Rxe8 15. b4 $2 (15. Re1 Rxe1+ 16. Nxe1 Nf4) 15... b5 (15... Nf4) 16. Nb3
a6 (16... Nf4) 17. Nc5 Bxc5 18. bxc5 Bg4 19. Nd2 (19. Bxg6) 19... Nf4 20. h3
Bxh3 21. gxh3 Qg5+ 22. Kf1 Qg2# 0-1

[Event "Mechanics' Winter TNM; 30/90, SD/30"]
[Site "San Francisco"]
[Date "2015.02.03"]
[Round "5.49"]
[White "Stearman, Micah"]
[Black "McCarty-Snead, Fianna"]
[Result "1-0"]
[WhiteElo "935"]
[BlackElo "588"]
[PlyCount "47"]
[EventDate "2015.??.??"]

1. e4 e5 2. d4 exd4 3. c3 dxc3 4. Bc4 cxb2 5. Bxb2 Bb4+ 6. Nd2 Bxd2+ 7. Qxd2
Qe7 8. Nf3 Qxe4+ 9. Be2 Qg6 10. O-O d6 11. g3 Bh3 12. Rfe1 Nf6 13. Bd3+ Ne4 14.
Bxe4 Qh5 15. Bg6+ Be6 16. Bxh5 O-O 17. Ng5 Nc6 18. Nxe6 Rfe8 19. Nxg7 Rxe1+ 20.
Rxe1 Ne5 21. Qf4 Nd3 22. Qxf7+ Kh8 23. Re8+ Rxe8 24. Qxe8# 1-0

[Event "Mechanics' Winter TNM; 30/90, SD/30"]
[Site "San Francisco"]
[Date "2015.01.27"]
[Round "4.40"]
[White "Stefanov, Jan"]
[Black "Rothman, Ivan"]
[Result "1/2-1/2"]
[WhiteElo "1584"]
[BlackElo "1379"]
[Annotator "Donaldson"]
[PlyCount "54"]
[EventDate "2015.??.??"]

1. e4 d6 2. Nf3 g6 3. Bc4 Bg4 $2 {Diagram #} 4. O-O $2 (4. Bxf7+) 4... e5 5. d4
Nc6 6. c3 Nf6 7. Bg5 h6 8. Be3 Qe7 9. Nbd2 O-O-O 10. Qb3 Na5 11. Qa4 Nxc4 12.
Nxc4 Bxf3 13. gxf3 exd4 14. Bxd4 c5 15. e5 cxd4 16. exf6 Qxf6 17. Qxa7 Qg5+ 18.
Kh1 Kc7 19. Qb6+ Kd7 20. Qxb7+ Ke8 21. Rae1+ Be7 22. Qc6+ Kf8 23. cxd4 Kg7 24.
Qc7 Qf4 25. Qxe7 Qxf3+ 26. Kg1 Qg4+ 27. Kh1 Qf3+ 1/2-1/2

[Event "Mechanics' Spring TNM; G/2"]
[Site "San Francisco"]
[Date "2015.04.28"]
[Round "7.8"]
[White "Steger, Eric"]
[Black "Byambaa, Uyanga"]
[Result "0-1"]
[WhiteElo "1963"]
[BlackElo "2168"]
[PlyCount "98"]
[EventDate "2015.??.??"]

1. e4 c5 2. Nf3 d6 3. d4 cxd4 4. Qxd4 Nc6 5. Bb5 Bd7 6. Bxc6 Bxc6 7. O-O Nf6 8.
e5 dxe5 9. Qxd8+ Rxd8 10. Nxe5 e6 11. Nxc6 bxc6 12. Be3 Rd7 13. Nc3 Bb4 14. Na4
Ng4 15. Bc5 Bxc5 16. Nxc5 Rd2 17. Rac1 Ke7 18. h3 Nf6 19. Rfd1 Rd5 20. b4 Rhd8
21. Rd3 a5 22. Rxd5 Rxd5 23. c3 Nd7 24. Nb3 a4 25. Nd4 Kd6 26. f4 Nf6 27. Kf2
c5 28. bxc5+ Kxc5 29. Ke3 Kc4 30. g4 Rd6 31. g5 Nd5+ 32. Ke4 Rb6 33. Ne2 Rb2
34. Kf3 Rxa2 35. h4 a3 36. h5 Rb2 37. Ra1 a2 38. g6 hxg6 39. hxg6 fxg6 40. Nc1
Nxc3 41. Nxa2 Rxa2 42. Rg1 Ra7 43. Rxg6 Kd5 44. Rg5+ Kd6 45. Kg4 Rf7 46. Ra5
Nd5 47. Ra6+ Ke7 48. Ra7+ Kf6 49. Ra6 Rc7 0-1

[Event "Mechanics' Winter TNM; 30/90, SD/30"]
[Site "San Francisco"]
[Date "2015.02.03"]
[Round "5.8"]
[White "Steger, Eric"]
[Black "Campers, Willie"]
[Result "1/2-1/2"]
[WhiteElo "1973"]
[BlackElo "1742"]
[PlyCount "83"]
[EventDate "2015.??.??"]

1. e4 c5 2. Nf3 d6 3. d4 cxd4 4. Qxd4 Nc6 5. Bb5 Bd7 6. Bxc6 bxc6 7. c4 Nf6 8.
Nc3 g6 9. O-O Bg7 10. Qd3 Qc7 11. h3 O-O 12. Bf4 Nh5 13. Bh2 Rfd8 14. Rad1 Qb7
15. b3 Qb4 16. Ne2 a5 17. Nfd4 c5 18. Nc2 Qb7 19. Nf4 Nxf4 20. Bxf4 Bc6 21. f3
a4 22. Kh1 axb3 23. axb3 Rdb8 24. Rb1 Ra2 25. b4 Ba4 26. Rfc1 Bxc2 27. Rxc2
Rxc2 28. Qxc2 cxb4 29. Rb3 Bd4 30. Bd2 Bc5 31. Bc1 Ra8 32. Bb2 Ra2 33. Qd2 Qb8
34. Qd3 e5 35. f4 f6 36. fxe5 fxe5 37. Qd5+ Kg7 38. Qe6 Qc7 39. Rf3 Ra8 40.
Qf6+ Kg8 41. Qe6+ Kg7 42. Qf6+ 1/2-1/2

[Event "Mechanics' Winter TNM; 30/90, SD/30"]
[Site "San Francisco"]
[Date "2015.01.13"]
[Round "2.22"]
[White "Steger, Eric"]
[Black "McKellar, Daniel"]
[Result "1-0"]
[WhiteElo "1973"]
[BlackElo "1653"]
[Annotator "Donaldson"]
[PlyCount "109"]
[EventDate "2015.??.??"]

1. e4 e6 2. Nf3 d5 3. Nc3 d4 4. Ne2 c5 5. c3 Nf6 6. d3 Nc6 7. g3 e5 8. Bg2 Be7
9. O-O O-O 10. cxd4 cxd4 11. Bg5 Be6 12. Rc1 Nd7 13. Bxe7 Qxe7 14. a3 Rac8 15.
Qa4 Nc5 16. Qb5 Nb3 17. Rc2 a6 18. Qb6 f6 19. Nc1 Nca5 20. Nxb3 Nxb3 21. Ne1
Rxc2 22. Nxc2 Rc8 23. Nb4 Qd7 24. Nd5 Nc1 25. Nb4 Bh3 (25... Bf7 26. f4 Qc7 27.
Qxc7 Rxc7) 26. f3 Bxg2 27. Kxg2 Qc7 28. Qe6+ Kh8 29. f4 a5 30. Nd5 Qc6 31. Qf7
Nxd3 32. Kh3 Nxb2 33. fxe5 Qe8 34. Qxe8+ Rxe8 35. exf6 gxf6 36. Rb1 Nc4 37.
Rxb7 Rf8 38. Kg2 Nxa3 39. Kf3 Nc4 40. Ra7 Kg8 41. Ne7+ Kh8 42. Nd5 d3 43. g4 d2
44. Ke2 Rd8 45. Rc7 Nb6 46. Nc3 a4 47. Rc6 Nc8 48. Ra6 a3 49. Rxa3 Nd6 50. Ra4
Nb5 51. Nd1 Nc7 52. Ra2 Ne6 53. Ke3 Kg7 54. Rxd2 Rxd2 55. Kxd2 {Both scoresheet
s stop here, as the players were very short of time - this was the last game
to finish. White later won.} 1-0

[Event "Mechanics' Spring TNM; G/2"]
[Site "San Francisco"]
[Date "2015.03.24"]
[Round "2.17"]
[White "Steger, Eric"]
[Black "Sachs-Weintraub, Julian"]
[Result "1-0"]
[WhiteElo "1963"]
[BlackElo "1141"]
[PlyCount "51"]
[EventDate "2015.??.??"]

1. e4 c5 2. Nf3 Nc6 3. Bb5 a6 4. Bxc6 dxc6 5. O-O Bg4 6. h3 Bh5 7. d3 Bxf3 8.
Qxf3 e5 9. Qg3 Qd6 10. f4 exf4 11. Bxf4 Qd4+ 12. Kh1 Qxb2 13. Be5 Bd6 14. Bxd6
Qxa1 15. Be5 Qxa2 16. Bxg7 Ne7 17. Bxh8 O-O-O 18. Qg4+ Kb8 19. Bf6 Re8 20. Qd7
Rg8 21. Bxe7 Qxc2 22. Rg1 Rxg2 23. Rxg2 Qd1+ 24. Kh2 Qxb1 25. Bxc5 Qc1 26. Rg8#
1-0

[Event "Mechanics' Winter TNM; 30/90, SD/30"]
[Site "San Francisco"]
[Date "2015.02.17"]
[Round "7.8"]
[White "Steger, Eric"]
[Black "Stearman, Josiah"]
[Result "1/2-1/2"]
[WhiteElo "1973"]
[BlackElo "2195"]
[PlyCount "104"]
[EventDate "2015.??.??"]

1. e4 c5 2. Nf3 Nc6 3. Bb5 Na5 4. a4 e6 5. O-O Nf6 6. Re1 Be7 7. d4 O-O 8. h3
d5 9. e5 Ne8 10. dxc5 Bxc5 11. Be3 Bxe3 12. Rxe3 Bd7 13. Bd3 Rc8 14. b3 Nc6 15.
c3 Qe7 16. Nbd2 f6 17. exf6 Qxf6 18. Rc1 Nd6 19. Qe2 Rfe8 20. Re1 Nf7 21. Bb5
e5 22. Bxc6 bxc6 23. Nh2 Nh6 24. Ndf1 e4 25. Ng3 Rf8 26. Rd1 Be6 27. Rf1 Qg5
28. Kh1 Rc7 29. Qd2 Rcf7 30. Qe2 Nf5 31. Nxf5 Rxf5 32. Rg3 Qh4 33. Kg1 h5 34.
Qe3 R8f7 35. b4 Qf6 36. Qd4 Qxd4 37. cxd4 R7f6 38. Re3 Rf4 39. Re2 Rg6 40. Kh1
Rgf6 41. Kg1 Bc8 42. Rc1 Ba6 43. Rb2 Bc4 44. Rc3 Kf7 45. Re3 g5 46. Nf1 Kg6 47.
Ng3 g4 48. h4 Rf7 49. Rc3 Rb7 50. a5 a6 51. Re3 Rb5 52. Ne2 Rf7 1/2-1/2

[Event "Mechanics' Winter TNM; 30/90, SD/30"]
[Site "San Francisco"]
[Date "2015.02.24"]
[Round "8.8"]
[White "Steger, Eric"]
[Black "Walder, Michael"]
[Result "0-1"]
[WhiteElo "1973"]
[BlackElo "2154"]
[PlyCount "62"]
[EventDate "2015.??.??"]

1. e4 Nf6 2. Nc3 d5 3. e5 Nfd7 4. d4 e6 5. Nf3 c5 6. dxc5 Nc6 7. Bf4 Nxc5 8.
Bd3 Qb6 9. Qd2 Bd7 10. O-O Rc8 11. Rfe1 Nxd3 12. Qxd3 d4 13. Red1 Qxb2 14. Nxd4
Nb4 15. Qe4 Qxc3 16. Qxb7 Nd5 17. Be3 Nxe3 18. fxe3 Qxe3+ 19. Kh1 Qxe5 20. Rab1
Qc7 21. Qa6 Rb8 22. Nb5 Qb6 23. Qxa7 Qxa7 24. Nxa7 Rxb1 25. Rxb1 Bd6 26. Rb7
Kd8 27. c4 Re8 28. Nb5 Bxb5 29. cxb5 Re7 30. Rb6 Bc5 31. Ra6 Ra7 0-1

[Event "Mechanics' Fall TNM; G/2"]
[Site "San Francisco"]
[Date "2015.11.24"]
[Round "6.4"]
[White "Steger, Eric Alan"]
[Black "Byambaa, Uyanga"]
[Result "1-0"]
[WhiteElo "2014"]
[BlackElo "2204"]
[PlyCount "117"]
[EventDate "2015.??.??"]

1. e4 c5 2. Nf3 d6 3. d4 cxd4 4. Qxd4 a6 5. c4 Nf6 6. h3 Nc6 7. Qe3 g6 8. Bd2
Bg7 9. Bc3 O-O 10. Be2 Rb8 11. Na3 Bd7 12. O-O Qc7 13. Rac1 b6 14. Nc2 Qb7 15.
Rfe1 Rbc8 16. Bf1 Rfd8 17. Ncd4 e5 18. Nxc6 Bxc6 19. Nd2 Nh5 20. g3 Rf8 21. Be2
Rc7 22. Bxh5 gxh5 23. Qg5 f5 24. exf5 Rcf7 25. g4 hxg4 26. hxg4 Rf6 27. Re3 Rh6
28. f3 Kh8 29. Ne4 Rg8 30. Re2 Bf8 31. Qe3 Rh4 32. Qf2 Bxe4 33. Rxe4 Qxe4 34.
fxe4 Rgxg4+ 35. Kf1 Rh1+ 36. Ke2 Rxc1 37. Qxb6 Rxe4+ 38. Kd3 Rf4 39. Bd2 Rd4+
40. Qxd4 exd4 41. Bxc1 Bg7 42. b4 Be5 43. b5 axb5 44. cxb5 d5 45. b6 h5 46. Bb2
Kg8 47. Bxd4 Bb8 48. Bf6 Kf7 49. Bh4 Ke8 50. Kd4 Kd7 51. Kxd5 Bd6 52. a4 Bb4
53. Kc4 Bd2 54. Kb5 Kc8 55. Kc6 Bf4 56. a5 Kb8 57. a6 Ka8 58. f6 Bg3 59. Bxg3
1-0

[Event "Mechanics' Fall TNM; G/2"]
[Site "San Francisco"]
[Date "2015.10.27"]
[Round "2.14"]
[White "Steger, Eric Alan"]
[Black "Kim, Isaiah Taeshi"]
[Result "1-0"]
[WhiteElo "2014"]
[BlackElo "1550"]
[PlyCount "37"]
[EventDate "2015.??.??"]

1. e4 c6 2. d4 d5 3. e5 Bf5 4. Bd3 Bxd3 5. Qxd3 e6 6. Ne2 Ne7 7. O-O Nf5 8. Nd2
Be7 9. c3 O-O 10. f4 c5 11. Nf3 Nc6 12. Kh1 Qb6 13. g4 Nh6 14. Rg1 Kh8 15. f5
exf5 16. Bxh6 gxh6 17. gxf5 cxd4 18. f6 Bd8 19. Rg7 1-0

[Event "Mechanics' Fall TNM; G/2"]
[Site "San Francisco"]
[Date "2015.12.15"]
[Round "9.11"]
[White "Steger, Eric Alan"]
[Black "Robeal, Rafik"]
[Result "0-1"]
[WhiteElo "2014"]
[BlackElo "1724"]
[PlyCount "80"]
[EventDate "2015.??.??"]

1. e4 c5 2. Nf3 Nc6 3. Bb5 d6 4. e5 Bd7 5. exd6 exd6 6. O-O a6 7. Re1+ Be7 8.
Bxc6 Bxc6 9. d4 Nf6 10. Qe2 Ne4 11. c4 cxd4 12. Nxd4 Nc5 13. b4 Nd7 14. Nf5 Ne5
15. f4 Ng6 16. Bb2 Kd7 17. Nxe7 Re8 18. Qg4+ Kc7 19. Nc3 Rxe7 20. Nd5+ Bxd5 21.
cxd5 Rc8 22. Rxe7+ Nxe7 23. Qxg7 Kb8 24. Qd4 Rc2 25. Rd1 Nf5 26. Qh8 Qxh8 27.
Bxh8 Rxa2 28. Re1 h5 29. Re8+ Ka7 30. Rf8 Rd2 31. Rxf7 Rxd5 32. Kf2 Nd4 33. Ke3
Nc2+ 34. Ke4 Rd2 35. Rd7 Kb6 36. Bc3 d5+ 37. Ke5 Rd3 38. Bb2 Nxb4 39. f5 Kc6
40. Rh7 Rd2 0-1

[Event "Mechanics' Summer TNM; G/2"]
[Site "San Francisco"]
[Date "2015.05.26"]
[Round "1.13"]
[White "Steger, Eric Alan"]
[Black "Ronen, Ari"]
[Result "1-0"]
[WhiteElo "2007"]
[BlackElo "1536"]
[Annotator "Donaldson"]
[PlyCount "51"]
[EventDate "2015.??.??"]

1. e4 e6 2. Nf3 d5 3. Nc3 Nf6 4. e5 Nfd7 5. d4 c5 6. dxc5 Bxc5 7. Bd3 Nc6 8.
Bf4 Qb6 $2 (8... O-O 9. O-O (9. Qe2 {followed by 0-0-0 is a promising new try.}
)) 9. O-O Qxb2 10. Nb5 Qb4 11. Bd2 Qg4 12. Nc7+ Kd8 13. Nxa8 Ndxe5 14. Nxe5
Nxe5 15. Be2 Qg6 16. Be3 Nd7 17. Bxc5 Nxc5 18. c4 Qg5 19. Qd4 b6 20. cxd5 exd5
21. Bf3 Bb7 22. h4 Ne6 23. Qa4 Qe7 24. Qxa7 Kc8 25. Nxb6+ Kc7 26. Nxd5+ 1-0

[Event "Mechanics' Fall TNM; G/2"]
[Site "San Francisco"]
[Date "2015.11.10"]
[Round "4.2"]
[White "Steger, Eric Alan"]
[Black "Traub, Igor Vladim"]
[Result "0-1"]
[WhiteElo "2014"]
[BlackElo "2096"]
[PlyCount "76"]
[EventDate "2015.??.??"]

1. e4 c6 2. b3 d5 3. exd5 cxd5 4. Bb2 Nc6 5. Bb5 Nf6 6. Nf3 Bg4 7. h3 Bh5 8.
O-O e6 9. d3 Bc5 10. Nbd2 O-O 11. Bxc6 bxc6 12. Qe2 Nd7 13. d4 Bb4 14. Qe3 a5
15. a3 Bd6 16. Ne5 Nxe5 17. dxe5 Be7 18. Bd4 c5 19. Bxc5 Bxc5 20. Qxc5 Rc8 21.
Qd4 Rxc2 22. f4 Qh4 23. Rac1 Ra2 24. Rc5 a4 25. Qc3 d4 26. Qc1 axb3 27. Rc8 Qe7
28. Nxb3 Be2 29. Rf2 d3 30. Nd2 Qxa3 31. Rxf8+ Qxf8 32. g4 h6 33. Ne4 Qa8 34.
Qe3 Qa4 35. f5 Qe8 36. fxe6 Qxe6 37. Qf4 Ra1+ 38. Kg2 Ra5 {
Scoresheet now reads "39.Qa8 Kh7 40.Qf4" and Black won in a couple moves...}
0-1

[Event "Mechanics' Summer TNM; G/2"]
[Site "San Francisco"]
[Date "2015.06.09"]
[Round "3.3"]
[White "Steger, Eric Alan"]
[Black "Walder, Michael S"]
[Result "1-0"]
[WhiteElo "2007"]
[BlackElo "2118"]
[PlyCount "63"]
[EventDate "2015.??.??"]

1. e4 c5 2. Nf3 d6 3. d4 cxd4 4. Qxd4 a6 5. Nc3 Nc6 6. Qd1 Nf6 7. Bg5 e6 8. Qd2
h6 9. Be3 b5 10. Bd3 Bb7 11. a3 Rc8 12. Nd4 Ne5 13. f3 Nc4 14. Bxc4 Rxc4 15.
O-O Qc7 16. Kh1 Be7 17. Rac1 O-O 18. Nce2 d5 19. exd5 Nxd5 20. Bf2 Bg5 21. f4
Nxf4 22. Nxf4 Bxf4 23. Be3 Bxe3 24. Qxe3 e5 (24... Rd8) 25. Nf5 Re8 $2 (25...
Kh7) (25... Bc8) 26. Qg3 f6 27. Nxh6+ Kf8 28. Qg6 Re6 29. Rcd1 Rd4 30. Qh7 {
Diagram [#]} Qc6 $4 (30... Bxg2+ $1 31. Kxg2 Qc6+ 32. Kg1 gxh6 $11) 31. Qg8+
Ke7 32. Qxg7+ {Black lost on time.} 1-0

[Event "Mechanics' Winter TNM; 30/90, SD/30"]
[Site "San Francisco"]
[Date "2015.02.17"]
[Round "7.42"]
[White "Stuetzel, Ezra"]
[Black "Brown, Nicholas"]
[Result "1-0"]
[WhiteElo "1300"]
[BlackElo "1502"]
[PlyCount "61"]
[EventDate "2015.??.??"]

1. d4 d5 2. c4 c6 3. Nc3 Nf6 4. Bg5 Bf5 5. e3 e6 6. Nf3 Be7 7. Nh4 Bg4 8. Qb3
Qc8 9. h3 Bh5 10. Bd3 Nbd7 11. cxd5 Nxd5 12. Bxe7 Nxe7 13. g4 Bg6 14. Nxg6 hxg6
15. Qb4 Nd5 16. Nxd5 exd5 17. Rc1 Qc7 18. g5 Qb6 19. Qa3 Rc8 20. Rc3 c5 21. Kd2
O-O 22. Rhc1 c4 23. b3 Qe6 24. bxc4 Nb6 25. c5 Nd7 26. Qb3 f5 27. Qxb7 Rb8 28.
Qa6 Rb2+ 29. R1c2 Rxc2+ 30. Rxc2 Qe7 31. Qxg6 1-0

[Event "Mechanics' Spring TNM; G/2"]
[Site "San Francisco"]
[Date "2015.04.14"]
[Round "5.21"]
[White "Stuetzel, Ezra"]
[Black "Clemens, Kristian"]
[Result "1/2-1/2"]
[WhiteElo "1549"]
[BlackElo "1877"]
[PlyCount "104"]
[EventDate "2015.??.??"]

1. d4 d5 2. c4 e6 3. Nc3 Nf6 4. Bg5 Be7 5. e3 Nbd7 6. Rc1 O-O 7. Bd3 dxc4 8.
Bxc4 c5 9. Nf3 cxd4 10. Nxd4 Nb6 11. Bd3 Nfd5 12. Bxe7 Qxe7 13. O-O e5 14. Nf5
Qg5 15. Nd6 Bg4 16. Nde4 Nxc3 17. Rxc3 Qh5 18. Qc2 Nd5 19. Rc4 b5 20. Ng3 Qg5
21. Bxh7+ Kh8 22. Rc5 Nb4 23. Qe4 f5 24. Bxf5 Bxf5 25. Nxf5 Qxf5 26. Qxb4 a6
27. Qh4+ Kg8 28. f4 Rae8 29. Qg3 Rf7 30. Qf3 Qd3 31. Rc3 Qd2 32. Qf2 Qd5 33. f5
b4 34. Rb3 a5 35. Qc2 e4 36. a3 bxa3 37. Rxa3 Rxf5 38. Rxf5 Qxf5 39. Qc3 Rc8
40. Rxa5 Rxc3 41. Rxf5 Rxe3 42. Rb5 Re2 43. h4 e3 44. Kh2 Rd2 45. Kg3 e2 46.
Kf2 e1=Q+ 47. Kxe1 Rxg2 48. Kd1 Kh7 49. Kc1 Rg4 50. h5 g6 51. Kd2 g5 52. Rb6
Rh4 1/2-1/2

[Event "Mechanics' Winter TNM; 30/90, SD/30"]
[Site "San Francisco"]
[Date "2015.02.03"]
[Round "5.33"]
[White "Stuetzel, Ezra"]
[Black "Nelson, Christopher"]
[Result "0-1"]
[WhiteElo "1300"]
[BlackElo "1665"]
[PlyCount "82"]
[EventDate "2015.??.??"]

1. d4 f5 2. c4 Nf6 3. Nc3 e6 4. Nf3 Bb4 5. g3 O-O 6. Bg2 d5 7. cxd5 exd5 8. O-O
c6 9. Qb3 Qe7 10. Re1 Nbd7 11. a3 Ba5 12. Bg5 Qf7 13. Qc2 Ne4 14. Bf4 Ndf6 15.
b4 Bc7 16. Ne5 Qe7 17. Nxe4 fxe4 18. f3 Bf5 19. Qb3 Kh8 20. Rac1 a5 21. b5 a4
22. Qa2 Bxe5 23. dxe5 Nd7 24. bxc6 bxc6 25. Rxc6 Nxe5 26. Bxe5 Qxe5 27. Rd1
exf3 28. Bxf3 Qe3+ 29. Kg2 Be4 30. Rf1 Rad8 31. Qb2 d4 32. Rc4 Bxf3+ 33. exf3
d3 34. Re4 Qc5 35. Rxa4 d2 36. Qb3 Rfe8 37. Rd1 Re2+ 38. Kh3 Qf2 39. Qf7 Qxh2+
40. Kg4 Re1 41. Ra7 h5+ 0-1

[Event "Mechanics' Winter TNM; 30/90, SD/30"]
[Site "San Francisco"]
[Date "2015.01.20"]
[Round "3.13"]
[White "Stuetzel, Ezra"]
[Black "Paquette, James"]
[Result "1-0"]
[WhiteElo "2270"]
[BlackElo "1438"]
[PlyCount "89"]
[EventDate "2015.??.??"]

1. d4 g6 2. c4 Bg7 3. Nc3 c5 4. Nf3 Qa5 5. e3 Nc6 6. Be2 d6 7. h3 Nf6 8. d5 Ne5
9. Nxe5 dxe5 10. O-O O-O 11. e4 a6 12. Be3 Rd8 13. Qc2 Qc7 14. Na4 b6 15. b4
Nd7 16. Rab1 cxb4 17. Bg4 b5 18. Bxd7 bxa4 19. Bxc8 b3 20. axb3 axb3 21. Rxb3
Rdxc8 22. c5 e6 23. Rfb1 exd5 24. exd5 Bf8 25. c6 Qd6 26. Qc4 Kg7 27. Rc3 Rab8
28. Rd1 Rb5 29. Kh1 f5 30. f4 e4 31. Bd4+ Kf7 32. Be5 Qc5 33. Qa2 Ra5 34. Rxc5
Rxa2 35. d6 Bxd6 36. Rxd6 e3 37. Rd1 e2 38. Re1 Rd2 39. c7 Rd1 40. Rc1 Rd2 41.
Kg1 Ke6 42. Kf2 g5 43. Rxe2 Rxe2+ 44. Kxe2 gxf4 45. Bxf4 1-0